Minecraft: Creepers - Estadísticas

Estadísticas generales
  • Esta prueba ha sido intentada 204 veces
  • La puntuación promedio es 9 de 12
Estadísticas de respuestas
Pregunta Respuesta % Correcto
Un crepper golpeado por un rayo se convertirá en un creeper cargado. Verdadero
99%
Los creepers fueron creados por un error en el modelo de unos cerdos, ya que Notch (creador de Minecraft), giro el modelo por error. Verdadero
97%
Le tiene miedo a los perros. Falso
94%
Si un creeper explota en el agua, no destruirá bloques. Verdadero
90%
El creeper es la criatura que hace más daño de todo el juego. Falso
87%
Se puede activar la explosión de un creeper artificialmente con un mechero. Verdadero
87%
Si un esqueleto mata con una flecha a un creeper, éste soltará un disco aleatorio. Verdadero
84%
El creeper posee 30 puntos de salud (15 corazones) Falso
81%
El rango de explosión de un creeper es mayor que el de una dinamita. Falso
62%
En versiones anteriores, los creepers explotaban aunque el jugador estuviese en creativo. Verdadero
59%
Su primera aparición fue en la versión 1.0 Falso
49%
El creeper es capaz de subir escaleras de mano. Verdadero
16%
No se encontraron pruebas coincidentes
Distribución de puntuación
Porcentaje de gente con cada puntuación
Porcentaje por número respondido
Historial de tus puntuaciones
No has intentado esta prueba.